000 00422nam a2200169Ia 4500
100 _aMullett/Gary J
650 _aWireless communication
942 _cBK
366 _f25
654 _awireless telecommunication
245 _aIntroduction to wireless telecommunication systems and networks
260 _bCengage Learning
_c2006
082 _a621.382
_bMUL
300 _a445
546 _aENGLISH
_cTTL
999 _c34936
_d34936